=LDR 00000nam 2200000 4500 =001 INLIS000000000035431 =005 20130612141304 =008 ***********************************ind** =035 ##$$0010-061300000035431 =041 ##$$a ind =082 ##$$a 813 =090 ##$$a 813, Wib b =100 ##$$a Wibisono, Darmawan =245 ##$$a Bahwa cinta itu ada, Dermawan wibisono =260 ##$$a 2010 $b Bandung =300 ##$$a 390 hlm, 21 cm =650 ##$$a Fiksi Indonesia =850 ##$$a NBPNMAT